[Event "AUTO-INT-1438"]
[Site "http://www.queenalice.com/game.php?id=648218"]
[Date "2009.9.6"]
[Round "1"]
[White "Prosperidade"]
[Black "doug_aquino"]
[Result "1-0"]
[WhiteElo "1701"]
[BlackElo "1427"]

1. Nf3 d5 2. d4 a6 3. e3 Nc6 4. c4 b5 5. cxd5 Qxd5 6. Be2 e5 7. Nc3 Bb4 8. O-O
Bxc3 9. bxc3 e4 10. Nd2 Qg5 11. Nxe4 Qg6 12. Ng3 Nf6 13. Bf3 Bb7 14. Ba3 a5 15.
e4 b4 16. cxb4 Nxb4 17. Bxb4 axb4 18. Re1 O-O 19. Qb3 Rfe8 20. Qxb4 Ra7 21. Qc5
Bxe4 22. Bxe4 Qg4 23. Qxa7 h6 24. Bf3 Rxe1+ 25. Rxe1 Qc8 26. h3 Ne8 27. Bg4 Qd8
28. a4 Nd6 29. a5 Nb5 30. Qc5 Nxd4 31. Rd1 f5 32. Bxf5 Kf7 33. Rxd4 Qg5 34.
Qxc7+ Kf6 35. Re4 Qxf5 36. Nxf5 Kxf5 37. Qe5+ Kg6 38. Rg4+ Kh7 39. Qxg7# 1-0

[Event "AUTO-INT-1438"]
[Site "http://www.queenalice.com/game.php?id=648219"]
[Date "2009.9.6"]
[Round "1"]
[White "doug_aquino"]
[Black "Prosperidade"]
[Result "0-1"]
[WhiteElo "1434"]
[BlackElo "1653"]

1. e4 e5 2. Nc3 Nf6 3. Nf3 d6 4. b3 Be7 5. Bb2 O-O 6. Bc4 c5 7. Nd5 Nxe4 8. O-O
Nd7 9. d3 Nef6 10. Ng5 Nxd5 11. Nxh7 Kxh7 12. Bxd5 Nf6 13. Be4+ Nxe4 14. dxe4
Bg5 15. c4 b6 16. Qd5 Be6 17. Qd1 Qe7 18. Qh5+ Bh6 19. f4 g6 20. Qf3 Bxf4 21. h3
Kg7 22. Qxf4 Rh8 23. Qf3 Rag8 24. Kh2 Rh4 25. Kg1 Qg5 26. Kf2 Rf4 27. Qxf4 Qxf4+
28. Ke2 Qxe4+ 29. Kf2 Qc2+ 30. Kg1 Qxb2 31. g4 Rh8 32. Rf3 Qxa1+ 33. Kh2 Qxa2+
34. Kg3 Qb1 35. Kf2 d5 36. cxd5 Bxd5 37. Re3 Qc2+ 38. Kg3 Qg2# 0-1

[Event "AUTO-INT-1438"]
[Site "http://www.queenalice.com/game.php?id=648236"]
[Date "2009.9.6"]
[Round "1"]
[White "plano99"]
[Black "doug_aquino"]
[Result "0-1"]
[WhiteElo "1408"]
[BlackElo "1481"]

1. c4 e5 2. Nc3 Nf6 3. e4 Nc6 4. Nf3 g6 5. d3 Bg7 6. Be3 O-O 7. Be2 d6 8. O-O b6
9. Nd5 Nxd5 10. exd5 Nd4 11. Bxd4 exd4 12. Qc2 Bb7 13. b3 c5 14. Rab1 Qd7 15. a3
Rfe8 16. b4 Re7 17. b5 a6 18. bxa6 Rxa6 19. h3 Rxa3 20. g4 Qe8 21. Rfe1 Ba6 22.
Rxb6 Rd7 23. Rc6 Bb7 0-1

[Event "AUTO-INT-1438"]
[Site "http://www.queenalice.com/game.php?id=648237"]
[Date "2009.9.6"]
[Round "1"]
[White "doug_aquino"]
[Black "plano99"]
[Result "1-0"]
[WhiteElo "1494"]
[BlackElo "1395"]

1. e4 e5 2. Nf3 Nc6 3. Nc3 Nf6 4. b3 Bc5 5. Bb2 O-O 6. Bc4 d6 7. O-O Bg4 8. h3
Bxf3 9. Qxf3 Nd4 10. Qd3 a6 11. Nd5 b5 12. Nxf6+ Qxf6 13. Bd5 c6 14. Bxd4 Bxd4
15. Bxc6 Bxa1 16. Bxa8 Rxa8 17. Rxa1 h6 18. Rf1 g5 19. Qd5 Rc8 20. c3 Rc5 21.
Qa8+ Kg7 22. Qxa6 b4 23. c4 1-0

[Event "AUTO-OPEN-1682"]
[Site "http://www.queenalice.com/game.php?id=648473"]
[Date "2009.9.6"]
[Round "1"]
[White "dreamteam"]
[Black "doug_aquino"]
[Result "0-1"]
[WhiteElo "1564"]
[BlackElo "1450"]

1. e4 c6 2. Nc3 e5 3. Nf3 Qc7 4. d4 Bb4 5. Nxe5 Nf6 6. Bc4 O-O 7. Bg5 Nxe4 8.
Qg4 d5 9. Qe2 Nxc3 10. Qd2 Nxa2 11. c3 Nxc3 12. bxc3 Ba5 13. Bd3 b6 14. O-O f6
15. Bxf6 Rxf6 16. Qg5 Bxc3 17. Rac1 Bxd4 18. Rce1 Nd7 19. Nxd7 Bxd7 20. Qh5 Rh6
21. Bf5 Rxh5 0-1

[Event "AUTO-OPEN-1682"]
[Site "http://www.queenalice.com/game.php?id=648474"]
[Date "2009.9.6"]
[Round "1"]
[White "doug_aquino"]
[Black "dreamteam"]
[Result "1-0"]
[WhiteElo "1471"]
[BlackElo "1329"]

1. e4 e5 2. Nf3 Nf6 3. Nxe5 Qe7 4. Nf3 Nxe4 5. Be2 Qc5 6. O-O Qh5 7. d4 d5 8.
Re1 Bd6 9. h3 O-O 10. Nbd2 c5 11. Nxe4 dxe4 12. Ne5 Qh4 13. Nc4 Rd8 14. Nxd6
Rxd6 15. d5 Rg6 16. Kh2 Bxh3 17. g3 Qf6 18. Bf4 Nd7 19. Kxh3 Ne5 20. Bh5 Qf5+
21. Kg2 Rd6 22. c4 Nf3 23. Bxf3 exf3+ 24. Qxf3 Rf6 25. Re5 Qg6 26. Rae1 h6 27.
d6 1-0

[Event "AUTO-OPEN-1682"]
[Site "http://www.queenalice.com/game.php?id=648493"]
[Date "2009.9.6"]
[Round "1"]
[White "orinto"]
[Black "doug_aquino"]
[Result "1-0"]
[WhiteElo "1729"]
[BlackElo "1435"]

1. e4 c6 2. d4 d5 3. Nc3 Nd7 4. Nf3 Ngf6 5. e5 Ng8 6. Bd3 e6 7. O-O Ne7 8. Bg5
b5 9. a3 h6 10. Bh4 Qc7 11. Re1 Nf5 12. Bg3 Nxg3 13. hxg3 Be7 14. Nh4 a6 15. Ne2
c5 16. c3 c4 17. Bc2 g5 18. Nf3 Bb7 19. Qd2 O-O-O 20. a4 f6 21. axb5 a5 22. b3
Nb6 23. Rxa5 f5 24. Rea1 Kd7 25. Nc1 g4 26. Nh4 Bg5 27. Qe2 Rdg8 28. Na2 Na4 29.
Ra7 Nb6 30. Nb4 Ra8 31. Rxa8 Rxa8 32. Rxa8 Bxa8 33. Na6 Qd8 34. Nc5+ Ke7 35.
Ng6+ Kf7 36. f4 Kxg6 37. fxg5 Qxg5 38. Nxe6 Qc1+ 39. Kh2 cxb3 40. Qxg4+ Kf7 41.
Qxf5+ Ke7 42. Qf6+ Ke8 43. Bg6+ 1-0

[Event "AUTO-OPEN-1682"]
[Site "http://www.queenalice.com/game.php?id=648494"]
[Date "2009.9.6"]
[Round "1"]
[White "doug_aquino"]
[Black "orinto"]
[Result "0-1"]
[WhiteElo "1450"]
[BlackElo "1749"]

1. e4 c5 2. Nc3 Nc6 3. b3 Nf6 4. Bc4 e6 5. Nf3 Be7 6. d4 cxd4 7. Nxd4 Qa5 8. Bd2
Nxd4 9. Na4 Qc7 10. Ba5 b6 11. Qxd4 bxa5 12. O-O O-O 13. Rfe1 Rd8 14. e5 Nd5 15.
Bxd5 exd5 16. Nc3 Bb4 17. Re3 Bc5 18. Nxd5 Bxd4 19. Nxc7 Bxe3 20. Nxa8 Bd4 21.
Re1 Bb6 22. Nxb6 axb6 23. f4 d5 24. exd6 Bf5 25. c4 h5 26. Rd1 Rd7 27. a3 Bc2
28. Rd2 Bxb3 29. Rd4 Kh7 30. Kf2 Kg6 31. Kf3 Kf6 32. h3 Ke6 33. g4 hxg4+ 34.
Kxg4 Rxd6 35. Rxd6+ Kxd6 36. h4 Bxc4 37. h5 Bd3 38. Kg5 Ke6 39. h6 gxh6+ 40.
Kxh6 Kf5 41. Kg7 Bc4 42. Kf8 Kxf4 43. Ke7 f5 44. Kd6 Ke3 45. Kc6 b5 46. Kc5 f4
47. a4 f3 48. axb5 Bxb5 49. Kxb5 f2 50. Kxa5 f1=Q 51. Kb4 Qc1 52. Kb5 Kd4 53.
Ka4 Kc4 54. Ka5 Qc2 55. Ka6 Qb2 56. Ka5 Qb5# 0-1

[Event "AUTO-OPEN-1682"]
[Site "http://www.queenalice.com/game.php?id=648505"]
[Date "2009.9.6"]
[Round "1"]
[White "doug_aquino"]
[Black "anakarine"]
[Result "1-0"]
[WhiteElo "1431"]
[BlackElo "1510"]

1. e4 d5 2. exd5 Nf6 3. Nc3 Bg4 4. Be2 Bf5 5. Nf3 Bg4 6. O-O Bxf3 7. Bxf3 Qd6 8.
Re1 Nbd7 9. d3 h6 10. Nb5 Qb6 11. c4 Nc5 12. Be3 e6 13. b4 a6 14. Bxc5 Bxc5 15.
bxc5 Qxc5 16. Nc3 O-O-O 17. dxe6 Qe7 18. Qb1 b6 19. a4 fxe6 20. a5 Qd6 21. axb6
Qxb6 22. Ne4 Qxb1 23. Rexb1 Nd7 24. Rxa6 Nb6 25. c5 Kb7 26. Rba1 Ra8 27. Nd6+
1-0

[Event "AUTO-OPEN-1682"]
[Site "http://www.queenalice.com/game.php?id=648506"]
[Date "2009.9.6"]
[Round "1"]
[White "anakarine"]
[Black "doug_aquino"]
[Result "0-1"]
[WhiteElo "1486"]
[BlackElo "1422"]

1. d4 Nf6 2. Bg5 Ng8 3. e4 h6 4. Bf4 Nf6 5. e5 Nd5 6. Bd2 d6 7. Bc4 Nb6 8. Bb5+
Bd7 9. Bxd7+ Qxd7 10. Ba5 dxe5 11. Bxb6 axb6 12. Nf3 exd4 13. Nxd4 c5 14. Nb5
Qxb5 15. b3 e6 16. Nc3 Qc6 17. O-O Be7 18. Qg4 Bf6 19. Ne4 Bxa1 20. Rxa1 f5 21.
Qxg7 Qxe4 22. Qxh8+ Kd7 23. c4 Qe2 24. a4 Kc7 25. Qxh6 e5 26. Qh7+ Nd7 27. Qxf5
Rf8 28. Qxf8 Nxf8 29. h3 Ng6 30. Rc1 Nh4 31. Rc3 Qe1+ 0-1

[Event "AUTO-INT-1438"]
[Site "http://www.queenalice.com/game.php?id=740483"]
[Date "2010.3.3"]
[Round "2"]
[White "doug_aquino"]
[Black "Prosperidade"]
[Result "0-1"]
[WhiteElo "1561"]
[BlackElo "1923"]

1. e4 e5 2. Nf3 d6 3. Nc3 c6 4. b3 Nf6 5. Bb2 Be7 6. g3 Bg4 7. Bg2 O-O 8. O-O
Nbd7 9. d3 d5 10. exd5 cxd5 11. Qe1 Rc8 12. Nxe5 Nxe5 13. Qxe5 Be6 14. Rfe1 Bb4
15. Re2 a6 16. Nd1 Be7 17. c4 dxc4 18. dxc4 Rc5 19. Qe3 b5 20. Bd4 Rc8 21. Bb7
Ng4 22. Bb6 Nxe3 23. Bxd8 Rcxd8 24. Rxe3 Bf6 25. Rb1 Bf5 26. Be4 Bg4 27. Nb2 Rd2
28. Kg2 Bxb2 29. h3 Bd7 30. Rd3 Rxd3 31. Bxd3 Ba3 32. cxb5 Bxb5 33. Bxb5 axb5
34. b4 Ra8 35. Kf3 g6 36. Ke4 Ra4 37. Ke5 Rxb4 38. Rd1 Rb2 39. f4 Rxa2 40. Rd8+
Kg7 41. g4 b4 42. Rb8 Rh2 43. f5 Bb2+ 44. Kf4 Bc3 45. g5 Rxh3 46. Kg4 Rd3 47.
Kf4 Rd5 48. f6+ Bxf6 49. gxf6+ Kxf6 50. Rxb4 h5 51. Kg3 Ke5 52. Rf4 Rd3+ 53. Rf3
Rxf3+ 54. Kxf3 f5 55. Kg3 g5 0-1

[Event "AUTO-INT-1438"]
[Site "http://www.queenalice.com/game.php?id=740484"]
[Date "2010.3.3"]
[Round "2"]
[White "Prosperidade"]
[Black "doug_aquino"]
[Result "1-0"]
[WhiteElo "1925"]
[BlackElo "1559"]

1. d4 Nf6 2. c4 d5 3. cxd5 Nxd5 4. e4 Nb6 5. Nc3 e5 6. Nf3 exd4 7. Qxd4 Qxd4 8.
Nxd4 Bb4 9. Bd2 O-O 10. a3 Bxc3 11. Bxc3 Bd7 12. Bd3 Nc6 13. O-O Rfe8 14. Rfe1
Re7 15. Nb5 Rc8 16. Rad1 a6 17. Nd4 Na4 18. Nxc6 Bxc6 19. Bb4 Rd7 20. Be2 Rxd1
21. Rxd1 Bxe4 22. Rd2 c5 23. Ba5 h6 24. f3 Bc6 25. b3 b6 26. bxa4 bxa5 27. Bxa6
Ra8 28. Bb5 Be8 29. Rc2 Rc8 30. Bxe8 Rxe8 31. Rxc5 Ra8 32. Kf2 Kf8 33. f4 Ke7
34. Kf3 Rd8 35. Rxa5 Rd3+ 36. Kg4 Kf6 37. g3 g6 38. Ra6+ Kg7 39. a5 f5+ 40. Kh3
Rxa3 41. Ra7+ Kf8 42. a6 Ke8 43. Kh4 Kd8 44. Ra8+ Kc7 45. Rh8 Ra2 46. Rxh6 Rxh2+
47. Kg5 Rxh6 48. Kxh6 Kb6 49. Kxg6 Kxa6 50. Kxf5 Kb6 51. Ke6 Kc7 52. Ke7 1-0

[Event "Challenge"]
[Site "http://www.queenalice.com/game.php?id=759879"]
[Date "2010.4.12"]
[Round "-"]
[White "doug_aquino"]
[Black "Raxtlon"]
[Result "1-0"]
[WhiteElo "1506"]
[BlackElo "1504"]

1. e4 c5 2. Nc3 d6 3. Bc4 Nf6 4. Nf3 e6 5. d4 cxd4 6. Nxd4 Be7 7. Bg5 Nxe4 8.
Nxe4 d5 9. Bxe7 Qxe7 10. Bb5+ Bd7 11. Nc3 Bxb5 12. Ndxb5 Nc6 13. Nd4 Qb4 14. O-O
Qxd4 15. Qxd4 Nxd4 16. Rac1 Rc8 17. Rfd1 e5 18. Rd2 O-O 19. Nxd5 Rc5 20. c4 Kh8
21. b4 Rc6 22. a4 Nb3 23. b5 Rd6 24. c5 Rxd5 25. Rxd5 Nxc1 26. Rd7 Nb3 27. c6
bxc6 28. bxc6 a6 29. c7 f6 30. Rd8 1-0